|
|
|
|
| LEADER |
00000cam a2200000 c 4500 |
| 001 |
250018101 |
| 003 |
DE-627 |
| 005 |
20251222211042.0 |
| 007 |
tu |
| 008 |
850101s1979 xxk||||| 00| ||eng c |
| 016 |
7 |
|
|a 0710000340
|2 UK
|
| 020 |
|
|
|a 0710000340
|9 0-7100-0034-0
|
| 024 |
8 |
|
|a 78040800
|q Identnummer
|
| 035 |
|
|
|a (DE-627)250018101
|
| 035 |
|
|
|a (DE-576)007300425
|
| 035 |
|
|
|a (DE-599)GBV250018101
|
| 035 |
|
|
|a (OCoLC)246196123
|
| 035 |
|
|
|a (OCoLC)05022442
|
| 035 |
|
|
|a (DE-604)8033375194
|
| 040 |
|
|
|a DE-627
|b ger
|c DE-627
|e rakwb
|
| 041 |
|
|
|a eng
|
| 044 |
|
|
|c XA-GB
|c XD-US
|
| 050 |
|
0 |
|a HM73
|
| 082 |
0 |
|
|a 301.14
|
| 084 |
|
|
|a MS 6950
|2 rvk
|0 (DE-625)rvk/123772:
|
| 100 |
1 |
|
|a Raffel, Stanley
|4 aut
|
| 245 |
1 |
0 |
|a Matters of fact
|b a sociological inquiry
|c Stanley Raffel
|
| 264 |
|
1 |
|a London [u.a.]
|b Routledge & Kegan Paul
|c 1979
|
| 300 |
|
|
|a VIII, 124 S.
|
| 336 |
|
|
|a Text
|b txt
|2 rdacontent
|
| 337 |
|
|
|a ohne Hilfsmittel zu benutzen
|b n
|2 rdamedia
|
| 338 |
|
|
|a Band
|b nc
|2 rdacarrier
|
| 583 |
1 |
|
|a Archivierung prüfen
|c 20240324
|f DE-4165
|z 1
|2 pdager
|
| 650 |
|
4 |
|a Records
|x Social aspects
|
| 650 |
|
4 |
|a Knowledge, Sociology of
|
| 935 |
|
|
|i Blocktest
|
| 936 |
r |
v |
|a MS 6950
|b Allgemeines (Wissenschaft und Gesellschaft, Informationsgesellschaft)
|k Soziologie
|k Spezielle Soziologien
|k Wissenssoziologie
|k Allgemeines (Wissenschaft und Gesellschaft, Informationsgesellschaft)
|0 (DE-627)1271441543
|0 (DE-625)rvk/123772:
|0 (DE-576)201441543
|
| 951 |
|
|
|a BO
|
| ELC |
|
|
|b 1
|
| LOK |
|
|
|0 000 xxxxxcx a22 zn 4500
|
| LOK |
|
|
|0 001 3144284777
|
| LOK |
|
|
|0 003 DE-627
|
| LOK |
|
|
|0 004 250018101
|
| LOK |
|
|
|0 005 20020606000000
|
| LOK |
|
|
|0 008 910227||||||||||||||||ger|||||||
|
| LOK |
|
|
|0 040
|a DE-21
|c DE-627
|d DE-21
|
| LOK |
|
|
|0 852
|a DE-21
|
| LOK |
|
|
|0 852 1
|c KB 9 A 864
|9 00
|
| LOK |
|
|
|0 935
|a krim
|
| LOK |
|
|
|0 936ln
|a k1.6
|
| LOK |
|
|
|0 939
|a 27-02-91
|b l01
|
| ORI |
|
|
|a SA-MARC-krimdoka001.raw
|
| SIG |
|
|
|a UB: KB 9 A 864
|